140 años: anuario 1997, Edición aniversario 1857-1997
Na minha lista:
| Corporate Authors: | , |
|---|---|
| Formato: | Livro |
| Idioma: | espanhol alemão |
| Publicado em: |
Valparaíso
Colegio Alemán de Valparaíso
1997
|
| Edição: | 1a. ed |
| Assuntos: | |
| Tags: |
Adicionar Tag
Sem tags, seja o primeiro a adicionar uma tag!
|
MARC
| LEADER | 00000nam a2200000 a 4500 | ||
|---|---|---|---|
| 001 | UCP0439 | ||
| 003 | CL-VaPUC | ||
| 008 | 990313e19970000CL |||||||||||||||||spa|d | ||
| 041 | 0 | 7 | |a spa |2 CL-VaPUC |
| 041 | 0 | 7 | |a ger |2 CL-VaPUC |
| 082 | 0 | 4 | |a 373.09 |b COL |2 21 |
| 110 | 2 | |a Colegio Alemán de Valparaíso |e author |9 425723 | |
| 651 | 0 | |a Valparaíso, Chile |9 261144 | |
| 710 | 2 | |a Deutscher Schulverband Valparaíso |e author |9 425724 | |
| 245 | 1 | 0 | |a 140 años: anuario 1997, Edición aniversario 1857-1997 |
| 250 | |a 1a. ed | ||
| 300 | |a 391 p | ||
| 942 | |c BK | ||
| 945 | |d 19990313 00:00:00 |a rbrito | ||
| 260 | |a Valparaíso |b Colegio Alemán de Valparaíso |c 1997 | ||
| 600 | 0 | 7 | |a COLEGIO ALEMAN DE VALPARAISO |2 CL-VaPUC |9 425725 |
| 650 | 0 | |a Historia local |9 266584 | |
| 650 | 7 | |a COLONIAS EXTRANJERAS |2 CL-VaPUC |9 328458 | |
| 650 | 7 | |a EDUCACION PRIVADA |2 CL-VaPUC |9 307919 | |
| 583 | |a last modification |c 19990313 00:00:00 |k Rodrigo Vera | ||
| 999 | |c 279231 |d 279229 | ||
| 952 | |0 0 |1 0 |4 0 |6 373_090000000000000_COL_1997 |7 0 |8 A |9 318194 |a BIBHIS |b BIBHIS |d 2019-11-20 |i 3474526 |o 373.09 COL 1997 |p 3474526 |r 2025-01-20 |w 2019-11-20 |y BK |k HIS | ||
| 952 | |0 0 |1 0 |4 0 |6 373_090000000000000_COL_1997 |7 0 |8 X |9 318195 |a FDOBUD |b FDOBUD |d 2019-11-20 |i 1039695 |o 373.09 COL 1997 |p 1039695 |r 2019-11-20 |w 2019-11-20 |y BK_X |k BUD | ||